MARC

LEADER 00000n m0a2200000 4500
001 218626
005 20231101230217.0
010 |a 5020133337 
020 |a RU  |b 90-14975 
035 |a (RuTPU)RU\TPU\book\238656 
090 |a 218626 
100 |a 20120623d1989 m y0rusy5003 ca 
101 0 |a rus 
102 |a RU 
105 |a y z 000zy 
200 1 |a Психология и журналистика  |f С. К. Рощин  |g Академия наук СССР (АН СССР), Институт психологии (ИП) 
210 |a Москва  |c Наука  |d 1989 
215 |a 193 с. 
606 1 |a Умственный труд  |x Психология  |2 stltpush  |3 (RuTPU)RU\TPU\subj\63042  |9 80091 
610 1 |a журналистика 
610 1 |a психологические основы 
610 1 |a информация 
610 1 |a восприятие 
610 1 |a социальная психология 
610 1 |a аргументация 
610 1 |a акцент 
610 1 |a слово 
610 1 |a публицистика 
610 1 |a логика 
610 1 |a контрпропаганда 
686 |a Ю945  |2 rubbk 
700 1 |a Рощин  |b С. К.  |g Станислав Кузьмич 
712 0 2 |a Академия наук СССР (АН СССР)  |b Институт психологии (ИП)  |c (Москва)  |2 stltpush  |3 (RuTPU)RU\TPU\col\11340 
801 0 |a RU  |b RuMRKP  |c 19950417  |g psbo 
801 1 |a RU  |b 63413507  |c 20120623 
801 2 |a RU  |b 63413507  |c 20121123  |g RCR 
942 |c BK